Comunidade de liquens corticícolas em um gradiente de urbanização na Bacia Hidrográfica do Rio dos Sinos, no sul do Brasil (Registro n. 331835)
[ somente texto ]
| 000 -LÍDER | |
|---|---|
| fixed length control field | 03945nab a2200253 i 4500 |
| 003 - CÓDIGO MARC DA AGÊNCIA CATALOGADORA | |
| Campo de controle | BR-BrBNA |
| 005 - DATA E HORA DA ÚLTIMA ATUALIZAÇÃO | |
| Campo de controle | 20250603120001.0 |
| 008 - CAMPO DE TAMANHO FIXO | |
| fixed length control field | 250531b2018 bl.qr|pooa||| 00| 0 por | |
| 040 ## - FONTE DA CATALOGAÇÃO | |
| Agência catalogadora | BR-BrBNA |
| Idioma da catalogação | por |
| 072 ## - CATEGORIA AGRIS | |
| Código AGRIS | F70 |
| 100 ## - ENTRADA PRINCIPAL - NOME PESSOAL | |
| Nome pessoal | Lucheta, Fabiane |
| 100 ## - ENTRADA PRINCIPAL - NOME PESSOAL | |
| Nome pessoal | Koch, Natália Mossmann |
| 100 ## - ENTRADA PRINCIPAL - NOME PESSOAL | |
| Nome pessoal | Martins, Suzana Maria de Azevedo |
| 100 ## - ENTRADA PRINCIPAL - NOME PESSOAL | |
| Nome pessoal | Schmitt, Jairo Lizandro |
| 245 ## - TÍTULO PRINCIPAL | |
| Título principal | Comunidade de liquens corticícolas em um gradiente de urbanização na Bacia Hidrográfica do Rio dos Sinos, no sul do Brasil |
| 500 ## - NOTA GERAL | |
| Nota geral | Publicação on-line; 48 ref.; 5 tables; 3 illus.; Summaries (En, Pt) |
| 942 ## - ADDED ENTRY ELEMENTS (KOHA) | |
| Koha item type | Analítica |
| 520 ## - NOTA DE RESUMO | |
| Nota de conteúdo | <br/>Resumo<br/><br/>Liquens são mundialmente conhecidos como indicadores de qualidade ambiental porque são sensíveis<br/>às modificações do ambiente, especialmente as de origem antrópica. Neste estudo foram avaliadas a<br/>riqueza, a composição e a cobertura de comunidades de liquens corticícolas em nove municípios com<br/>diferentes graus de urbanização e verificadas as principais semelhanças na composição das espécies entre<br/>as comunidades. Os locais amostrados estavam distribuídos em uma matriz rural, rural/urbana ou urbana/<br/>industrial. Dez forófitos foram amostrados em cada área, utilizando o método do elástico. Ao total, foram<br/>identificadas 215 espécies de liquens, das quais nove são novas ocorrências, sendo quatro para o Brasil<br/>e cinco para o Rio Grande do Sul. Com o aumento da urbanização, observou-se uma simplificação da<br/>estrutura da comunidade de liquens, com diminuição da riqueza e mudanças na composição das espécies.<br/>Além disso, na matriz urbana/industrial poucas espécies apresentaram alta porcentagem de cobertura e, em<br/>conjunto, somaram grande importância na comunidade. Maior homogeneidade da composição de espécies<br/>foi encontrada em áreas mais próximas e inseridas na matriz urbano/industrial. Este estudo demonstrou<br/>que a arborização urbana é um fator importante para o estabelecimento das espécies de liquens, ao longo<br/>de um gradiente de urbanização.<br/><br/>Palavras-chave: cobertura, composição, gradiente rural-urbano, riqueza de espécies.<br/><br/><br/><br/><br/><br/>Abstract<br/><br/>Lichens are known worldwide as indicators of environmental quality because they are sensitive to<br/>environmental changes, specially the ones with anthropogenic origin. In this study, we analyzed species<br/>composition, richness and coverage of corticolous lichen communities in nine municipalities with different<br/>urbanization levels, and evaluated their similarities considering lichen species composition. The studied<br/>sites were distributed in rural, rural/urban and urban/industrial matrices. Ten phorophytes were sampled<br/>in each area using the rubber band method. A total of 215 lichen species were identified, of which nine<br/>species are new records: four are being cited for Brazil for the first time, and five for Rio Grande do Sul.<br/>As urbanization increased, a simplification of the lichen community structure was observed, as well as a<br/>decrease in species richness and changes on species composition. Besides, in the urban/industrial matrix,<br/>few species had high coverage percentage and together added great importance to the community. We<br/>found higher homogeneity on species composition in closer areas and in the ones that were inserted in<br/>the urban/industrial matrix. This study showed that urban tree vegetation is an important factor for lichen<br/>species establishment along an urbanization gradient.<br/><br/>Key words: coverage, composition, rural-urban gradient, species richness. |
| 650 ## - ASSUNTO - THESAGRO | |
| Cabeçalho tópico ou nome geográfico | LÍQUEN |
| 650 ## - ASSUNTO - THESAGRO | |
| Cabeçalho tópico ou nome geográfico | SUL DO BRASIL |
| 773 0# - ENTRADA ANALÍTICA | |
| Host Biblionumber | 709 |
| Registro do item | 350746 |
| Imprenta | Rio de Janeiro-RJ Jardim Botanico do Rio de Janeiro 1935 |
| Outro identificador | 2025-3371 |
| Título | Rodriguésia (Brazil) |
| ISSN | 0370-6583; 2175-7860 on-line |
| Colação | v. 69(2) p. 323-334; (2018) |
| Número de controle de registro | BR2025001326 |
| 856 ## - ACESSO E ENDEREÇO ELETRÔNICO | |
| Identificador uniforme de recurso - URI | https://www.scielo.br/j/rod/a/CGSfbsZ6yQHRcp5XfnyzYtm/?format=pdf&lang=pt |
Nenhum exemplar disponível.

BINAGRI